000
00334nam a2200133Ia 4500
008
231017s9999 xx 000 0 und d
082
_a
625.85
082
_b
ALD
245
0
_a
Construction and initial testing of Brisbane city council asphalt trial
245
0
_c
Austroads
260
_b
Austroads
300
_c
30cm
942
_c
REP
999
_c
606199
_d
606199